000
00302nam a22001217a 4500
999
_c
14836
_d
14836
020
_a
9789350300824
082
_a
630.33
_b
CHO/AG
100
_a
Choudhary, S N
_9
2059
245
_a
Agri-business: marketing and management
260
_a
New Delhi
_b
Oxford Book Company
_c
2012
300
_a
288p
942
_c
BK